Ekonomické aspekty spoločensky zodpovedného podnikania v obchode a službách diplomová práca

Saved in:
Bibliographic Details
Main Author: Murgašová, Laura
Corporate Author: Podnikovohospodárska fakulta EU so sídlom v Košiciach. Katedra ekonómie a manažmentu
Other Authors: Freňáková, Magdaléna, 1981-
Format: Book
Language:Slovak
Published: Košice 2025
Tags: Add Tag
No Tags, Be the first to tag this record!

MARC

LEADER 00000nbm a2200000 4500
001 0309047
005 20260225122707.5
041 0 |a slo 
044 |a SK 
245 1 0 |a Ekonomické aspekty spoločensky zodpovedného podnikania v obchode a službách  |b diplomová práca  |c Laura Murgašová ; školiteľ: Magdaléna Freňáková 
264 1 |a Košice  |c 2025 
300 |a 68 s. 
100 1 |a Murgašová, Laura 
700 1 |a Freňáková, Magdaléna, 1981- 
710 2 |a Podnikovohospodárska fakulta EU so sídlom v Košiciach. Katedra ekonómie a manažmentu